الحكم المحلي في السودان / (Record no. 42790)
[ view plain ]
| 000 -LEADER | |
|---|---|
| fixed length control field | 01289nam a2200325 i 4500 |
| 003 - CONTROL NUMBER IDENTIFIER | |
| control field | EG-GICUC |
| 005 - DATE AND TIME OF LATEST TRANSACTION | |
| control field | 20260121101213.0 |
| 008 - FIXED-LENGTH DATA ELEMENTS--GENERAL INFORMATION | |
| fixed length control field | 251112b1970 ua ||||f |||| 00| 0 ara d |
| 040 ## - CATALOGING SOURCE | |
| Original cataloging agency | EG-GICUC |
| Transcribing agency | EG-GICUC |
| Modifying agency | EG-GICUC |
| Description conventions | rda |
| Language of cataloging | ara |
| 041 ## - LANGUAGE CODE | |
| Language code of text/sound track or separate title | ara |
| 082 04 - DEWEY DECIMAL CLASSIFICATION NUMBER | |
| Edition number | 21 |
| Classification number | 345.250624 |
| Item number | ع ل . ح |
| 099 ## - LOCAL FREE-TEXT CALL NUMBER (OCLC) | |
| Classification number | Law1 07 345.250624 ع ل . ح 1970 |
| 100 0# - MAIN ENTRY--PERSONAL NAME | |
| Personal name | علي السيد الحبيبي |
| Relator term | مؤلف. |
| 245 12 - TITLE STATEMENT | |
| Title | الحكم المحلي في السودان / |
| Statement of responsibility, etc. | إعداد د. علي السيد الحبيبي. |
| 264 #1 - PRODUCTION, PUBLICATION, DISTRIBUTION, MANUFACTURE, AND COPYRIGHT NOTICE | |
| Place of production, publication, distribution, manufacture | القاهرة : |
| Name of producer, publisher, distributor, manufacturer | جامعة الدول العربية - المنظمة العربية للعلوم الإدارية، مركز البحوث الإدارية، |
| Date of production, publication, distribution, manufacture, or copyright notice | 1970. |
| 300 ## - PHYSICAL DESCRIPTION | |
| Extent | 95 صفحة ؛ |
| Dimensions | 24 سم. |
| 336 ## - CONTENT TYPE | |
| Source | rda content |
| Content type term | text |
| 337 ## - MEDIA TYPE | |
| Source | rda media |
| Media type term | Computer |
| 338 ## - CARRIER TYPE | |
| Source | rda carrier |
| Carrier type term | Online Resource |
| 490 ## - SERIES STATEMENT | |
| Volume/sequential designation | 66 |
| 504 ## - BIBLIOGRAPHY, ETC. NOTE | |
| Bibliography, etc. note | يشتمل على ارجاعات ببليوجرافية. |
| 546 ## - LANGUAGE NOTE | |
| Language note | النص باللغة العربية |
| 650 14 - SUBJECT ADDED ENTRY--TOPICAL TERM | |
| Topical term or geographic name entry element | الحكم المحلي |
| 650 17 - SUBJECT ADDED ENTRY--TOPICAL TERM | |
| Topical term or geographic name entry element | الإدارة المحلية |
| Source of heading or term | qrmak |
| 650 17 - SUBJECT ADDED ENTRY--TOPICAL TERM | |
| Source of heading or term | qrmak |
| Topical term or geographic name entry element | القانون الإداري |
| 651 14 - SUBJECT ADDED ENTRY--GEOGRAPHIC NAME | |
| Geographic name | السودان |
| 856 40 - ELECTRONIC LOCATION AND ACCESS | |
| Uniform Resource Identifier | <a href="https://fll.law.cu.edu.eg/fulltext/bks/B07-00240.pdf">https://fll.law.cu.edu.eg/fulltext/bks/B07-00240.pdf</a> |
| 905 ## - Cataloger and Reviser Names | |
| Cataloger Name: | Wesam Mahmoud |
| Revisor Name: | Eman |
| 942 ## - ADDED ENTRY ELEMENTS (KOHA) | |
| Source of classification or shelving scheme | Dewey Decimal Classification |
| Suppress in OPAC | No |
| Koha item type | Books |
| Edition | 21 |
| Withdrawn status | Lost status | Source of classification or shelving scheme | Damaged status | Not for loan | Collection | Home library | Current library | Date acquired | Total checkouts | Full call number | Barcode | Date last seen | Copy number | Price effective from | Koha item type |
|---|---|---|---|---|---|---|---|---|---|---|---|---|---|---|---|
| Dewey Decimal Classification | Not for loan | القانون الإداري | جــــامعة القــاهرة | مكتبة كلية الحقوق - المبنى الرئيسي | 12.11.2025 | Law1 07 345.250624 ع ل . ح 1970 0700240 C1 | B07-00240 | 12.11.2025 | 1 | 12.11.2025 | Books | ||||
| Dewey Decimal Classification | القانون الإداري | جــــامعة القــاهرة | مكتبة كلية الحقوق - المبنى الرئيسي | 12.11.2025 | Law1 07 345.250624 ع ل . ح 1970 0700241 C2 | B07-00241 | 12.11.2025 | 2 | 12.11.2025 | Books |